000
00282nam a2200121Ia 4500
008
190216s9999||||xx |||||||||||||| ||und||
100
_a
Menon K N
245
0
_a
Nammude Valarthu Matsyangal
260
_b
Kerala Basha Inst
_c
1973
300
_a
157p
650
_a
Zoology
942
_c
BK
999
_c
37584
_d
37584